[Event "4NCL/Div4b/BCA vs. MET"]
[Site "Telford ENG"]
[Date "2005.01.15"]
[Round "3.4"]
[White "Calvert, D Ian"]
[Black "Hilton, Steve"]
[Result "1-0"]
[WhiteElo "2034"]
[BlackElo "1850"]
[PlyCount "81"]
[EventDate "2005.01.15"]
[SourceDate "2004.09.21"]

1. b3 d5 2. Bb2 c5 3. e3 Nc6 4. Bb5 Nf6 5. Nf3 e6 6. O-O Bd6 7. d3 Qc7 8. Nbd2
Bd7 9. e4 d4 10. Nc4 Be7 11. Bxc6 Bxc6 12. Nfe5 O-O 13. Nxc6 Qxc6 14. f4 b5 15.
Ne5 Qc7 16. Qf3 Rad8 17. a4 b4 18. Bc1 Nd7 19. Nxd7 Qxd7 20. f5 exf5 21. Qxf5
Qxf5 22. Rxf5 f6 23. Bd2 Rfe8 24. Raf1 g6 25. R5f3 Rd6 26. g4 Re6 27. Kg2 Kg7
28. h4 Rf8 29. h5 g5 30. Be1 Re8 31. Rf5 Rd8 32. Bg3 Kg8 33. R1f3 h6 34. Kf2
Rd7 35. e5 Rd5 36. exf6 Rxf5 37. Rxf5 Bf8 38. f7+ Kh7 39. Be5 a6 40. Kf3 Rc6
41. Rf6 1-0

[Event "4NCL/Div4b/BCA vs. MET"]
[Site "Telford ENG"]
[Date "2005.01.15"]
[Round "3.5"]
[White "Gallagher, John"]
[Black "Syed, Nayeem"]
[Result "0-1"]
[WhiteElo "1890"]
[BlackElo "1950"]
[PlyCount "70"]
[EventDate "2005.01.15"]
[SourceDate "2004.09.21"]

1. d4 a6 2. e4 b5 3. Nf3 Bb7 4. Bd3 Nf6 5. Qe2 e6 6. O-O c5 7. c3 Qc7 8. Bg5
Be7 9. Nbd2 Nc6 10. Rac1 O-O 11. Rfe1 Ng4 12. Bxe7 Nxe7 13. h3 Nh6 14. e5 f5
15. exf6 gxf6 16. Ne4 f5 17. Neg5 Ng6 18. Bb1 Rae8 19. Ne5 Nxe5 20. dxe5 Nf7
21. Qh5 Nxg5 22. Qxg5+ Kh8 23. Bd3 Bxg2 24. Kh2 Bb7 25. f4 c4 26. Rg1 Rf7 27.
Be2 Qd8 28. Qxd8 Rxd8 29. Rg3 d6 30. Rd1 Rfd7 31. exd6 Rxd6 32. Rgg1 Rd2 33.
Rge1 Bf3 34. Rxd2 Rxd2 35. Kg3 Bxe2 0-1

[Event "4NCL/Div4b/BCA vs. MET"]
[Site "Telford ENG"]
[Date "2005.01.15"]
[Round "3.6"]
[White "Hamilton, Ray P"]
[Black "Murphy, Richard LW"]
[Result "1/2-1/2"]
[WhiteElo "1785"]
[BlackElo "1725"]
[PlyCount "62"]
[EventDate "2005.01.15"]
[SourceDate "2004.09.21"]

1. e4 e6 2. d4 d5 3. Nc3 Bb4 4. e5 c5 5. a3 Bxc3+ 6. bxc3 Ne7 7. Bg5 Nbc6 8.
Qg4 Qc7 9. Bd3 Bd7 10. Nf3 Rc8 11. O-O Nf5 12. Bxf5 exf5 13. Qg3 h6 14. Qh4 Rg8
15. Bf4 Be6 16. Bd2 Ne7 17. Rfc1 Ng6 18. Qh5 Qe7 19. Ne1 Kd7 20. Nd3 cxd4 21.
cxd4 b6 22. g3 Rc4 23. c3 Rgc8 24. Qe2 Qd8 25. Nb2 R4c7 26. Qb5+ Ke7 27. Qb4+
Ke8 28. c4 dxc4 29. Bc3 Ne7 30. Qd6 Rc6 31. Qb4 Nd5 1/2-1/2

[Event "4NCL/Div4b/FCA2 vs. BRJ"]
[Site "Telford ENG"]
[Date "2005.01.15"]
[Round "3.1"]
[White "Valentine, Brian J"]
[Black "Richmond, Peter A"]
[Result "0-1"]
[WhiteElo "2050"]
[BlackElo "2257"]
[PlyCount "90"]
[EventDate "2005.01.15"]
[SourceDate "2004.09.21"]

1. e4 c5 2. Nf3 Nc6 3. d4 cxd4 4. Nxd4 Nf6 5. Nc3 e5 6. Ndb5 d6 7. Bg5 a6 8.
Na3 b5 9. Nd5 Be7 10. Bxf6 Bxf6 11. c3 O-O 12. Nc2 Rb8 13. Bd3 Be6 14. Ncb4
Nxb4 15. Nxb4 Qc8 16. O-O Bd8 17. Qd2 Bb6 18. Bc2 a5 19. Nd5 Qb7 20. Rad1 Bc5
21. a3 Bxd5 22. Qxd5 Qxd5 23. Rxd5 b4 24. axb4 axb4 25. cxb4 Rxb4 26. b3 Ra8
27. Rdd1 Bd4 28. Rb1 Ra2 29. Bd3 g6 30. Bc4 Kg7 31. g4 Kf6 32. h4 h5 33. g5+
Ke7 34. Kg2 Rb8 35. Kg3 Rba8 36. Bd5 R8a3 37. Rbc1 Bc5 38. f4 Be3 39. Rc7+ Kd8
40. Rxf7 Bxf4+ 41. Kf3 Rh2 42. Rf2 Rh3+ 43. Kg2 Rg3+ 44. Kh2 Rg4+ 45. Kh3 Ra1
0-1

[Event "4NCL/Div4b/FCA2 vs. BRJ"]
[Site "Telford ENG"]
[Date "2005.01.15"]
[Round "3.2"]
[White "Headlong, Timothy"]
[Black "Williamson, Kevin J"]
[Result "1-0"]
[WhiteElo "2213"]
[BlackElo "2043"]
[PlyCount "69"]
[EventDate "2005.01.15"]
[SourceDate "2004.09.21"]

1. Nf3 d6 2. d4 Bg4 3. c4 Nf6 4. Qb3 Qc8 5. h3 Bh5 6. g3 Nbd7 7. Bg2 c6 8. Nc3
Bg6 9. O-O e6 10. Nh4 d5 11. Re1 Be7 12. Bg5 Ng8 13. Bxe7 Nxe7 14. cxd5 exd5
15. e4 dxe4 16. Nxg6 hxg6 17. Rxe4 Nf6 18. Re2 Qd7 19. Rae1 Nfg8 20. Qa3 f6 21.
d5 Kf7 22. Qb3 Kf8 23. Qb4 Rc8 24. dxc6 bxc6 25. Ne4 a5 26. Qxa5 Rh5 27. Qa3 c5
28. Rc2 Re5 29. Rec1 Nh6 30. Nxc5 Qd6 31. Nd7+ Qxd7 32. Rxc8+ Kf7 33. Qb3+ Rd5
34. R8c7 Qd6 35. Bxd5+ 1-0

[Event "4NCL/Div4b/FCA2 vs. BRJ"]
[Site "Telford ENG"]
[Date "2005.01.15"]
[Round "3.3"]
[White "Majer, Chris E"]
[Black "Richmond, Jane"]
[Result "0-1"]
[WhiteElo "2036"]
[BlackElo "2162"]
[PlyCount "156"]
[EventDate "2005.01.15"]
[SourceDate "2004.09.21"]

1. e4 e6 2. d4 d5 3. e5 c5 4. c3 Ne7 5. Nf3 Nbc6 6. Bd3 cxd4 7. cxd4 Nf5 8.
Bxf5 exf5 9. Qb3 Qb6 10. Qxb6 axb6 11. O-O Be6 12. Nc3 Kd7 13. Rd1 h6 14. b3 g5
15. Bb2 Be7 16. Ne1 f4 17. Na4 Kc7 18. f3 b5 19. Nc3 Kb6 20. Kf1 Rhd8 21. Ne2
Bf5 22. Nc1 Ba3 23. Bxa3 Rxa3 24. Rd2 Nb4 25. Ke2 Rc8 26. Kf2 Rc3 27. Ke2 Ra8
28. Kf2 Rac8 29. Ne2 Re3 30. g3 Nd3+ 31. Nxd3 Bxd3 32. gxf4 Rxe2+ 33. Rxe2 Bxe2
34. Kxe2 Rc2+ 35. Kd3 Rxh2 36. fxg5 hxg5 37. Rg1 Rxa2 38. Rxg5 b4 39. Rf5 Rb2
40. Rxf7 Rxb3+ 41. Kc2 Rc3+ 42. Kb2 Kb5 43. Rxb7+ Kc4 44. f4 Rb3+ 45. Kc2 Rc3+
46. Kd2 Rd3+ 47. Ke2 Rxd4 48. Kf3 Re4 49. Rc7+ Kd3 50. Rb7 Kc3 51. Rb5 Kc4 52.
Rb6 b3 53. e6 Kc3 54. f5 b2 55. Rc6+ Rc4 56. e7 b1=Q 57. Rxc4+ dxc4 58. e8=Q
Qxf5+ 59. Kg3 Kd2 60. Qa4 c3 61. Qb4 Qd3+ 62. Kf2 Qe3+ 63. Kg2 Kd1 64. Qb3+ Ke1
65. Qb1+ Ke2 66. Qc2+ Qd2 67. Qe4+ Kd1+ 68. Kf1 Kc1 69. Qb4 Qd3+ 70. Ke1 Qe3+
71. Kf1 c2 72. Qa4 Kb2 73. Qb4+ Qb3 74. Qd2 Qf3+ 75. Ke1 Qh1+ 76. Ke2 Qg2+ 77.
Ke1 Qxd2+ 78. Kxd2 c1=Q+ 0-1

[Event "4NCL/Div4b/FCA2 vs. BRJ"]
[Site "Telford ENG"]
[Date "2005.01.15"]
[Round "3.4"]
[White "Bourne, Johnathan"]
[Black "Adebajo, Femi"]
[Result "1-0"]
[WhiteElo "2100"]
[BlackElo "2045"]
[PlyCount "73"]
[EventDate "2005.01.15"]
[SourceDate "2004.09.21"]

1. d4 Nf6 2. Bg5 Ne4 3. Bf4 d5 4. f3 Nf6 5. e4 dxe4 6. Nc3 exf3 7. Nxf3 e6 8.
Bc4 c6 9. O-O Be7 10. Qd3 b5 11. Bb3 a5 12. a4 b4 13. Ne2 Ba6 14. Bc4 Bxc4 15.
Qxc4 Qd5 16. Qd3 Nbd7 17. c4 Qe4 18. Qd2 c5 19. Ng3 Qb7 20. d5 exd5 21. Qe2 Ne4
22. cxd5 Nxg3 23. Bxg3 Kd8 24. Rfe1 Bf6 25. Rac1 Qa6 26. Qe4 Ra7 27. Be5 Re8
28. Bc7+ Kxc7 29. Qxe8 c4 30. d6+ Kb6 31. Qe4 c3 32. bxc3 b3 33. Nd4 Qc4 34.
Rb1 Ka6 35. Nb5 Qxe4 36. Rxe4 Nc5 37. Rc4 1-0

[Event "4NCL/Div4b/FCA2 vs. BRJ"]
[Site "Telford ENG"]
[Date "2005.01.15"]
[Round "3.5"]
[White "Matthews, Adrian"]
[Black "Cabero, Pablo Padilla"]
[Result "0-1"]
[WhiteElo "1980"]
[BlackElo "2015"]
[PlyCount "120"]
[EventDate "2005.01.15"]
[SourceDate "2004.09.21"]

1. e4 Nf6 2. Nc3 d5 3. exd5 Nxd5 4. Bc4 Nb6 5. Bb3 c5 6. d3 Nc6 7. Qf3 e6 8.
Nge2 Be7 9. Qg3 O-O 10. Bh6 Bf6 11. Ne4 Nd4 12. Nxd4 cxd4 13. h4 Nd5 14. Bg5
Qa5+ 15. Bd2 Qd8 16. Bxd5 exd5 17. Nxf6+ Qxf6 18. O-O Qb6 19. Rfe1 Bd7 20. b3
Rac8 21. Rac1 Rfe8 22. c4 dxc4 23. bxc4 Qg6 24. Re4 Rxe4 25. Qxg6 hxg6 26. dxe4
Be6 27. c5 Bxa2 28. Ra1 Bc4 29. Bb4 a6 30. f3 f6 31. Kf2 Kf7 32. Ke1 Ke6 33.
Kd2 Rh8 34. g3 g5 35. Rh1 gxh4 36. gxh4 g6 37. Ba5 Rc8 38. Bb6 Rh8 39. Ba5 Rh5
40. Bb6 f5 41. c6 bxc6 42. Bxd4 c5 43. exf5+ Rxf5 44. Be3 Rd5+ 45. Kc1 a5 46.
Rg1 Bd3 47. Rg5 Bf5 48. h5 gxh5 49. Rxh5 c4 50. Rh6+ Ke5 51. Ra6 Rb5 52. Rb6
Rd5 53. Rc6 Bd3 54. Rc5 Rxc5 55. Bxc5 c3 56. Ba3 Kd4 57. f4 Kc4 58. Bb2 Kb3 59.
Bxc3 Kxc3 60. f5 Bxf5 0-1

[Event "4NCL/Div4b/FCA2 vs. BRJ"]
[Site "Telford ENG"]
[Date "2005.01.15"]
[Round "3.6"]
[White "Tomboline, David"]
[Black "Shaw, John S"]
[Result "1-0"]
[WhiteElo "1990"]
[BlackElo "1950"]
[PlyCount "77"]
[EventDate "2005.01.15"]
[SourceDate "2004.09.21"]

1. d4 Nf6 2. Nf3 e6 3. Bf4 b6 4. e3 Bb7 5. Nbd2 Be7 6. h3 O-O 7. Bd3 d6 8. O-O
Nbd7 9. e4 c5 10. c3 cxd4 11. cxd4 e5 12. Bg5 exd4 13. Nxd4 Nc5 14. Qe2 Nxd3
15. Qxd3 d5 16. e5 Ne4 17. Bf4 Bg5 18. Qe3 Bxf4 19. Qxf4 Nxd2 20. Qxd2 f6 21.
Ne6 Qd7 22. Nxf8 Rxf8 23. f4 d4 24. e6 Qd5 25. f5 g6 26. e7 Re8 27. fxg6 Rxe7
28. gxh7+ Rxh7 29. Rxf6 Rg7 30. Rf2 d3 31. Re1 Qd4 32. Qe3 Qd5 33. Qe6+ Qxe6
34. Rxe6 Rc7 35. Rd2 Rc1+ 36. Kf2 Rc2 37. Ke3 Rxd2 38. Kxd2 Bxg2 39. Rg6+ 1-0

[Event "4NCL/Div4b/MONM vs. HKF2"]
[Site "Telford ENG"]
[Date "2005.01.15"]
[Round "3.1"]
[White "Morris, Gareth L"]
[Black "Britton, Richard L"]
[Result "1/2-1/2"]
[WhiteElo "2142"]
[BlackElo "2309"]
[PlyCount "67"]
[EventDate "2005.01.15"]
[SourceDate "2004.09.21"]

1. d4 Nf6 2. c4 g6 3. Nc3 Bg7 4. e4 d6 5. Nf3 O-O 6. Be2 e5 7. O-O Nc6 8. d5
Ne7 9. b4 Ne8 10. c5 Kh8 11. Nd2 f5 12. f3 f4 13. a4 g5 14. Ba3 Ng8 15. Nc4 Rf6
16. a5 Qe7 17. b5 Rh6 18. b6 Qf7 19. Rf2 Qh5 20. h3 Bxh3 21. gxh3 Qxh3 22. Rg2
Ngf6 23. bxc7 Qh1+ 24. Kf2 Qh4+ 25. Kg1 Qh1+ 26. Kf2 Qh4+ 27. Kf1 Nh5 28. Nxd6
Nxd6 29. cxd6 Ng3+ 30. Kg1 Qh1+ 31. Kf2 Qh4 32. Kg1 Qh1+ 33. Kf2 Qh4 34. Kg1
1/2-1/2

[Event "4NCL/Div4b/MONM vs. HKF2"]
[Site "Telford ENG"]
[Date "2005.01.15"]
[Round "3.2"]
[White "Hammond, Andrew J C"]
[Black "Maullin, Robert E"]
[Result "1-0"]
[WhiteElo "2213"]
[BlackElo "2090"]
[PlyCount "49"]
[EventDate "2005.01.15"]
[SourceDate "2004.09.21"]

1. d4 e6 2. Nf3 b6 3. e4 Bb7 4. Bd3 c5 5. d5 f5 6. Nc3 Nf6 7. Bg5 h6 8. Bxf6
Qxf6 9. O-O Be7 10. dxe6 O-O 11. exd7 Kh8 12. exf5 Nxd7 13. Re1 Qf7 14. Bb5
Bxf3 15. Qxd7 Qh5 16. gxf3 Bf6 17. Ne4 Rad8 18. Qe6 Bxb2 19. Rab1 Bd4 20. c3
Rf6 21. Qe7 Bxf2+ 22. Kxf2 Qh4+ 23. Ke3 Rdf8 24. Red1 Qxh2 25. Rd8 1-0

[Event "4NCL/Div4b/MONM vs. HKF2"]
[Site "Telford ENG"]
[Date "2005.01.15"]
[Round "3.3"]
[White "Thomas, Joseff"]
[Black "Burrows, Martin P"]
[Result "0-1"]
[WhiteElo "2040"]
[BlackElo "2200"]
[PlyCount "66"]
[EventDate "2005.01.15"]
[SourceDate "2004.09.21"]

1. e4 c5 2. d4 cxd4 3. c3 dxc3 4. Nxc3 Nc6 5. Nf3 d6 6. Bc4 a6 7. O-O Nf6 8.
Qe2 Bg4 9. h3 Bxf3 10. Qxf3 Ne5 11. Qe2 Nxc4 12. Qxc4 e6 13. Rd1 Qb8 14. Bf4 h6
15. e5 d5 16. Qd4 Ng8 17. Nxd5 exd5 18. Qxd5 Be7 19. Rac1 Kf8 20. Bg3 g6 21.
Rd3 Rh7 22. Rdc3 Qa7 23. Rc7 Rd8 24. Qb3 h5 25. Rxb7 Qd4 26. Rbc7 h4 27. Bh2
Rh5 28. R7c4 Qd3 29. Qa4 Rf5 30. Rf1 a5 31. Rc3 Qd5 32. Rcc1 Rg5 33. f3 Qd2 0-1

[Event "4NCL/Div4b/MONM vs. HKF2"]
[Site "Telford ENG"]
[Date "2005.01.15"]
[Round "3.4"]
[White "Chipanga, Takaedza"]
[Black "Waterfield, John"]
[Result "1-0"]
[WhiteElo "2170"]
[BlackElo "2045"]
[PlyCount "29"]
[EventDate "2005.01.15"]
[SourceDate "2004.09.21"]

1. d4 Nf6 2. c4 c5 3. Nf3 g6 4. Nc3 cxd4 5. Nxd4 d5 6. Bg5 Ne4 7. Nxe4 dxe4 8.
Nb5 Bg7 9. Qxd8+ Kxd8 10. O-O-O+ Nd7 11. Be3 a6 12. Bb6+ Ke8 13. Nc7+ Kf8 14.
Nxa8 e6 15. Bc7 1-0

[Event "4NCL/Div4b/MONM vs. HKF2"]
[Site "Telford ENG"]
[Date "2005.01.15"]
[Round "3.5"]
[White "Beveridge, Nigel K"]
[Black "Ogunshola, Ben"]
[Result "0-1"]
[WhiteElo "2014"]
[BlackElo "2175"]
[PlyCount "67"]
[EventDate "2005.01.15"]
[SourceDate "2004.09.21"]

1. d4 g6 2. e4 Bg7 3. Nc3 d6 4. g3 Nf6 5. Bg2 O-O 6. Nge2 c6 7. h3 Qc7 8. a4 a5
9. O-O Na6 10. Be3 e5 11. Qd2 Nb4 12. f4 exd4 13. Bxd4 Be6 14. g4 Bc4 15. b3
Ba6 16. Nd1 Rae8 17. Nf2 Bxe2 18. Qxe2 Nxe4 19. Bxg7 Nxf2 20. Qxf2 Kxg7 21. f5
f6 22. Rad1 Re5 23. fxg6 hxg6 24. c3 Na6 25. Qd4 Nc5 26. Qxd6 Qxd6 27. Rxd6
Nxb3 28. Rf4 Nc5 29. Kf2 Rf7 30. Bf3 Ne6 31. Rc4 Re7 32. Rd2 Ng5 33. Bg2 Kf7
34. Bf1 0-1

[Event "4NCL/Div4b/MONM vs. HKF2"]
[Site "Telford ENG"]
[Date "2005.01.15"]
[Round "3.6"]
[White "Spearman, David"]
[Black "Thomas, Jac"]
[Result "0-1"]
[WhiteElo "2030"]
[BlackElo "1975"]
[PlyCount "64"]
[EventDate "2005.01.15"]
[SourceDate "2004.09.21"]

1. d4 Nf6 2. Nf3 g6 3. c3 Bg7 4. Bg5 d6 5. Nbd2 Nbd7 6. e4 h6 7. Bh4 e5 8. Bc4
O-O 9. O-O c6 10. Bb3 Qc7 11. Re1 Re8 12. Rc1 b5 13. Qc2 c5 14. dxe5 Nxe5 15.
Nxe5 Rxe5 16. Bxf6 Bxf6 17. Bd5 Bb7 18. f4 Ree8 19. Bxb7 Qxb7 20. Qd3 c4 21.
Qe2 Bg7 22. Qf3 Rac8 23. a3 a5 24. f5 b4 25. axb4 axb4 26. fxg6 fxg6 27. Qe3
Re7 28. h3 d5 29. Qf3 bxc3 30. bxc3 Qb2 31. Qe3 dxe4 32. Nxe4 Rce8 0-1

[Event "4NCL/Div4b/SCS2 vs. ADD"]
[Site "Telford ENG"]
[Date "2005.01.15"]
[Round "3.1"]
[White "Bland, David"]
[Black "Briscoe, Christopher"]
[Result "1/2-1/2"]
[WhiteElo "2006"]
[BlackElo "2169"]
[PlyCount "35"]
[EventDate "2005.01.15"]
[SourceDate "2004.09.21"]

1. d4 c5 2. dxc5 e5 3. a3 Bxc5 4. e3 Nf6 5. b4 Bb6 6. Bb2 Bc7 7. Nf3 e4 8. Nd4
O-O 9. Nb5 Na6 10. Nxc7 Nxc7 11. c4 d5 12. cxd5 Ncxd5 13. Bc4 Be6 14. Bxd5 Bxd5
15. O-O Rc8 16. Nd2 Re8 17. Bd4 b6 18. Rc1 1/2-1/2

[Event "4NCL/Div4b/SCS2 vs. ADD"]
[Site "Telford ENG"]
[Date "2005.01.15"]
[Round "3.2"]
[White "Dupré, Paul D"]
[Black "Jones, Humphrey"]
[Result "1/2-1/2"]
[WhiteElo "2057"]
[BlackElo "1915"]
[PlyCount "66"]
[EventDate "2005.01.15"]
[SourceDate "2004.09.21"]

1. d4 e6 2. c4 f5 3. Nc3 Nf6 4. Bg5 Be7 5. Bxf6 Bxf6 6. e3 O-O 7. Bd3 d6 8. Qc2
Nc6 9. a3 Qe8 10. O-O-O e5 11. dxe5 Nxe5 12. Be2 Be6 13. Nd5 Qf7 14. f4 Nd7 15.
Nf3 Bxd5 16. cxd5 Qe7 17. Qd2 Rae8 18. Bb5 Nc5 19. Kb1 Qe4+ 20. Ka2 c6 21. dxc6
bxc6 22. Bf1 d5 23. Nd4 Bxd4 24. exd4 Ne6 25. Qc3 Nd8 26. Bd3 Qxf4 27. g3 Qd6
28. Rde1 g6 29. Rhf1 Re7 30. Rxe7 Qxe7 31. Re1 Qd7 32. Qc5 Kf7 33. Bc2 Re8
1/2-1/2

[Event "4NCL/Div4b/SCS2 vs. ADD"]
[Site "Telford ENG"]
[Date "2005.01.15"]
[Round "3.3"]
[White "Hardy-Wallace, Daniel"]
[Black "Hamilton, Robert"]
[Result "0-1"]
[WhiteElo "1740"]
[BlackElo "1970"]
[PlyCount "50"]
[EventDate "2005.01.15"]
[SourceDate "2004.09.21"]

1. d4 Nf6 2. c4 e6 3. Nf3 c5 4. e3 d5 5. Be2 Nc6 6. O-O Bd6 7. Nc3 O-O 8. b3
cxd4 9. exd4 Bb4 10. Bb2 Qa5 11. Rc1 dxc4 12. bxc4 Rd8 13. Na4 Bd7 14. Nc3 Be8
15. Qb3 e5 16. dxe5 Ng4 17. Rfd1 Ngxe5 18. Nxe5 Qxe5 19. Bf1 Bd6 20. g3 Nd4 21.
Qxb7 Bc6 22. Qa6 Nf3+ 23. Kh1 Qh5 24. h3 Nd4+ 25. Bg2 Qxh3+ 0-1

[Event "4NCL/Div4b/SCS2 vs. ADD"]
[Site "Telford ENG"]
[Date "2005.01.15"]
[Round "3.4"]
[White "Klein, Cornelia"]
[Black "Tourbassova, Sasha"]
[Result "1-0"]
[WhiteElo "1945"]
[BlackElo "1720"]
[PlyCount "103"]
[EventDate "2005.01.15"]
[SourceDate "2004.09.21"]

1. e4 e5 2. Nf3 Nc6 3. Bb5 Nf6 4. O-O d6 5. Re1 Bg4 6. h3 Bh5 7. c3 Be7 8. d3
O-O 9. Nbd2 Nd7 10. Nf1 f5 11. exf5 h6 12. Bc4+ Kh8 13. Ng3 Bf7 14. Bxf7 Rxf7
15. d4 Bf6 16. d5 Ne7 17. c4 a5 18. Qc2 Nc5 19. Be3 b6 20. Nh5 e4 21. Nd4 Bxd4
22. Bxd4 Nxf5 23. Bxc5 bxc5 24. Qxe4 Qg5 25. Qg4 Qd2 26. Re2 Qd3 27. Rae1 Raf8
28. Nf4 Qd4 29. Ng6+ Kg8 30. Nxf8 Rxf8 31. Qxd4 Nxd4 32. Re7 c6 33. dxc6 Nxc6
34. Rc7 Ne5 35. b3 Rf6 36. Rd1 Kf8 37. Ra7 Nc6 38. Ra6 Nb4 39. Rxa5 g5 40. a3
Nc6 41. Ra6 Nd4 42. b4 Ke7 43. bxc5 dxc5 44. Re1+ Re6 45. Ra7+ Kf6 46. Rxe6+
Nxe6 47. Kf1 h5 48. g3 Nd8 49. Ke2 Kf5 50. Rd7 Nc6 51. Rd5+ Kf6 52. Rd6+ 1-0

[Event "4NCL/Div4b/SCS2 vs. ADD"]
[Site "Telford ENG"]
[Date "2005.01.15"]
[Round "3.5"]
[White "Clarke, Sean A"]
[Black "Goggin, Eamonn P"]
[Result "1-0"]
[WhiteElo "1685"]
[BlackElo "1870"]
[PlyCount "91"]
[EventDate "2005.01.15"]
[SourceDate "2004.09.21"]

1. e4 c5 2. Bc4 Nc6 3. Nf3 g6 4. d3 Bg7 5. c3 Na5 6. Na3 e6 7. Bf4 a6 8. O-O d6
9. Be3 b5 10. Nxb5 axb5 11. Bxb5+ Bd7 12. Ba4 Bxa4 13. Qxa4+ Qd7 14. Qxd7+ Kxd7
15. e5 Ne7 16. Ng5 Raf8 17. exd6 Kxd6 18. Ne4+ Kc6 19. Bxc5 Kd7 20. Nd6 Be5 21.
Nc4 Bc7 22. Nxa5 Bxa5 23. b4 Bc7 24. a4 Be5 25. d4 Bd6 26. Rfd1 Nd5 27. Ra3
Bxc5 28. dxc5 Kc7 29. b5 Rd8 30. g3 Nf6 31. Rb1 Ra8 32. Rb4 Ra5 33. Rf4 Nd5 34.
Rxf7+ Kb8 35. c4 Nb4 36. c6 Ra7 37. Rxa7 Kxa7 38. Rb3 Nc2 39. Rd3 Kb6 40. Rd7
Na3 41. Rb7+ Kc5 42. c7 Kd6 43. Rb8 Kxc7 44. Rxh8 Nxc4 45. Rxh7+ Kb6 46. Re7
1-0

[Event "4NCL/Div4b/SCS2 vs. ADD"]
[Site "Telford ENG"]
[Date "2005.01.15"]
[Round "3.6"]
[White "Rhodes, Peter"]
[Black "Sutton, Louise"]
[Result "1-0"]
[WhiteElo "1815"]
[BlackElo "1450"]
[PlyCount "65"]
[EventDate "2005.01.15"]
[SourceDate "2004.09.21"]

1. Nf3 c6 2. g3 d5 3. Bg2 Nf6 4. d3 Bf5 5. Bg5 Nbd7 6. O-O e6 7. Na3 Be7 8. c4
O-O 9. cxd5 exd5 10. Nc2 Nc5 11. Ncd4 Bg6 12. Nh4 Qd7 13. Nxg6 fxg6 14. Qc2 Ne6
15. Nxe6 Qxe6 16. Qb3 Rab8 17. e4 Rfd8 18. exd5 cxd5 19. Rfe1 Qd6 20. Bf4 Qd7
21. Bxb8 Rxb8 22. Re2 Bc5 23. Qc3 b6 24. d4 Bd6 25. Rc1 Kf7 26. Qc6 Qxc6 27.
Rxc6 Bf8 28. Rc7+ Kg8 29. Rxa7 Bd6 30. Re6 Bb4 31. a3 Bd2 32. Rc7 Ne8 33. Rcc6
1-0

[Event "4NCL/Div4b/HAL vs. SCS2"]
[Site "Telford ENG"]
[Date "2005.01.16"]
[Round "4.1"]
[White "Roberts, Colin J"]
[Black "Bland, David"]
[Result "0-1"]
[WhiteElo "2055"]
[BlackElo "2006"]
[PlyCount "82"]
[EventDate "2005.01.16"]
[SourceDate "2004.09.21"]

1. d4 d5 2. Nf3 c6 3. e3 Nf6 4. Bd3 Bg4 5. Nbd2 Nbd7 6. h3 Bxf3 7. Nxf3 Qc7 8.
O-O e5 9. dxe5 Nxe5 10. b3 Bd6 11. Bb2 Nxf3+ 12. Qxf3 Be5 13. Bxe5 Qxe5 14. c4
O-O 15. Rfd1 Rfd8 16. Rac1 Rac8 17. Qf5 Qxf5 18. Bxf5 Rc7 19. cxd5 Rxd5 20.
Rxd5 Nxd5 21. e4 Nf4 22. Rd1 g6 23. Bg4 h5 24. Rd7 Rxd7 25. Bxd7 Ne2+ 26. Kf1
Nc3 27. Bc8 b6 28. Bb7 c5 29. a4 c4 30. bxc4 Nxa4 31. Bc6 Nc5 32. Ke2 Kf8 33.
Ke3 Ke7 34. g3 a5 35. f4 a4 36. Kd4 a3 37. Kc3 Nd3 38. Kb3 a2 39. Kxa2 Nb4+ 40.
Kb3 Nxc6 41. g4 Kd6 0-1

[Event "4NCL/Div4b/HAL vs. SCS2"]
[Site "Telford ENG"]
[Date "2005.01.16"]
[Round "4.2"]
[White "Jones, Humphrey"]
[Black "Peck, Windsor W"]
[Result "1/2-1/2"]
[WhiteElo "1915"]
[BlackElo "1925"]
[PlyCount "51"]
[EventDate "2005.01.16"]
[SourceDate "2004.09.21"]

1. e4 e6 2. d4 d5 3. e5 c5 4. c3 Nc6 5. Nf3 Qb6 6. Na3 cxd4 7. cxd4 Bxa3 8.
bxa3 Nge7 9. Bd3 Bd7 10. Rb1 Qc7 11. O-O b6 12. Bb2 Ng6 13. g3 O-O 14. Qe2 Bc8
15. Rbc1 Bb7 16. a4 Qe7 17. Rc3 Rfc8 18. Rfc1 Qd8 19. Ba6 Bxa6 20. Qxa6 Nce7
21. Ba3 Qd7 22. Kg2 h6 23. h4 Rxc3 24. Rxc3 Rc8 25. Rxc8+ Nxc8 26. Qb5 1/2-1/2

[Event "4NCL/Div4b/HAL vs. SCS2"]
[Site "Telford ENG"]
[Date "2005.01.16"]
[Round "4.3"]
[White "Curry, Don"]
[Black "Hardy-Wallace, Daniel"]
[Result "1/2-1/2"]
[WhiteElo "1800"]
[BlackElo "1740"]
[PlyCount "148"]
[EventDate "2005.01.16"]
[SourceDate "2004.09.21"]

1. e4 c5 2. Nf3 Nc6 3. d4 cxd4 4. Nxd4 Nf6 5. Nc3 e5 6. Ndb5 a6 7. Nd6+ Bxd6 8.
Qxd6 Qe7 9. Qd1 Qb4 10. Bd3 O-O 11. O-O d6 12. a3 Qa5 13. Bd2 Qc7 14. Bg5 Ne7
15. Bxf6 gxf6 16. Qf3 Kg7 17. Nd5 Nxd5 18. exd5 Rh8 19. Rfe1 Bd7 20. Re4 Rag8
21. Rh4 Qc8 22. Qe3 h5 23. Qb6 Qb8 24. Rb4 Rc8 25. Qxb7 Qxb7 26. Rxb7 Rhd8 27.
c3 a5 28. Rxd7 Rxd7 29. Bf5 Rdc7 30. Bxc8 Rxc8 31. Re1 Rc5 32. Rd1 Kg6 33. Rd3
f5 34. f3 Kf6 35. Kf2 a4 36. Ke2 Rb5 37. Rd2 Kg5 38. Kd1 f4 39. c4 Rc5 40. Rc2
f5 41. Kd2 Kf6 42. Kc3 Rc7 43. b4 axb3 44. Kxb3 e4 45. fxe4 fxe4 46. Kc3 Ke5
47. a4 h4 48. h3 Ra7 49. Ra2 f3 50. gxf3 exf3 51. Kd3 Kf4 52. Ra1 Kg3 53. Rg1+
Kxh3 54. Ke3 Rxa4 55. Kxf3 Ra3+ 56. Kf4 Kh2 57. Rg6 Rd3 58. Ke4 Rg3 59. Rxd6 h3
60. c5 Kg2 61. c6 h2 62. Rh6 Rc3 63. Rg6+ Kf2 64. Rh6 Kg2 65. Ke5 h1=Q 66. Rxh1
Kxh1 67. Kd6 Kg2 68. Kd7 Kf3 69. c7 Ke4 70. d6 Kd5 71. Ke7 Ke5 72. Kd7 Kd5 73.
c8=Q Rxc8 74. Kxc8 Kxd6 1/2-1/2

[Event "4NCL/Div4b/HAL vs. SCS2"]
[Site "Telford ENG"]
[Date "2005.01.16"]
[Round "4.4"]
[White "Tourbassova, Sasha"]
[Black "Banks, Peter"]
[Result "0-1"]
[WhiteElo "1720"]
[BlackElo "1780"]
[PlyCount "80"]
[EventDate "2005.01.16"]
[SourceDate "2004.09.21"]

1. e4 e5 2. f4 exf4 3. Nf3 g5 4. d4 g4 5. Ne5 Qh4+ 6. Ke2 d6 7. Nd3 f3+ 8. Ke3
Bh6+ 9. Nf4 Bxf4+ 10. Kxf4 fxg2 11. Bxg2 Qf2+ 12. Bf3 Qxf3+ 13. Qxf3 gxf3 14.
Kxf3 Nc6 15. c3 Nge7 16. Bf4 Rg8 17. Bg3 Bg4+ 18. Ke3 O-O-O 19. Nd2 Rde8 20.
Rae1 Nf5+ 21. Kd3 Nxg3 22. hxg3 h5 23. Ref1 Re7 24. Nc4 f5 25. Rf4 fxe4+ 26.
Ke3 d5 27. Nd2 Reg7 28. Nf1 Ne7 29. Rg1 Nf5+ 30. Kf2 Kd7 31. b3 c6 32. Ne3 Nxe3
33. Kxe3 Ke7 34. c4 Rf8 35. Kf2 Rgf7 36. Ke3 Rxf4 37. gxf4 Kf7 38. cxd5 cxd5
39. Rc1 Rc8 40. Rxc8 Bxc8 0-1

[Event "4NCL/Div4b/HAL vs. SCS2"]
[Site "Telford ENG"]
[Date "2005.01.16"]
[Round "4.5"]
[White "Clark, Maureen"]
[Black "Clarke, Sean A"]
[Result "1-0"]
[WhiteElo "1720"]
[BlackElo "1685"]
[PlyCount "165"]
[EventDate "2005.01.16"]
[SourceDate "2004.09.21"]

1. e4 e5 2. Nf3 Nc6 3. d4 exd4 4. Bc4 Bb4+ 5. c3 dxc3 6. O-O h6 7. a3 Qf6 8. e5
Qe7 9. axb4 cxb2 10. Bxb2 Qxb4 11. Qb3 Nge7 12. Qxb4 Nxb4 13. Na3 a6 14. Nd4 c6
15. Nac2 Nbd5 16. Rfe1 O-O 17. Ba3 Re8 18. Bxe7 Nxe7 19. f4 b5 20. Bd3 Bb7 21.
Nf5 Nxf5 22. Bxf5 Re7 23. Rad1 Rd8 24. Rd6 c5 25. Red1 Bc8 26. Ne3 Ree8 27. Nd5
c4 28. Nc7 Re7 29. Nxa6 Bxa6 30. Rxa6 Rb8 31. Rc1 Rc8 32. Rb6 g6 33. Bg4 Rc5
34. Rb1 h5 35. Bf3 Kg7 36. R6xb5 Rc7 37. Rc1 f6 38. exf6+ Kxf6 39. Rb2 Rc5 40.
Rbc2 d5 41. Kf2 Rd7 42. Be2 Rdc7 43. Ke3 Ke6 44. Kd4 Kd6 45. h4 Re7 46. Bf3 Ra7
47. Rc3 Rf7 48. g3 Rb7 49. Re1 Rb3 50. Re5 Rb2 51. Ke3 Rb3 52. Kd4 Rb2 53. Re6+
Kxe6 54. Kxc5 Rd2 55. Re3+ Kf5 56. Bxd5 Ra2 57. Bxc4 Ra7 58. Bd3+ Kf6 59. Re5
Ra3 60. Kd4 Ra8 61. Rg5 Rg8 62. f5 Rd8+ 63. Ke3 Re8+ 64. Kf4 gxf5 65. Rxf5+ Kg7
66. Rxh5 Rd8 67. Be4 Rd1 68. g4 Rf1+ 69. Ke5 Rg1 70. Rg5+ Kh6 71. Rg6+ Kh7 72.
g5 Rg4 73. Rh6+ Kg7 74. Bf5 Ra4 75. Rh7+ Kg8 76. g6 Ra5+ 77. Kf6 Ra6+ 78. Kg5
Ra5 79. h5 Kf8 80. h6 Kg8 81. Rg7+ Kh8 82. Re7 Ra8 83. g7+ 1-0